Music Quiz

Random Music or Rock Quiz

Profile: Elvis Presley Quiz Stats

Quiz Updated Jan 8, 2016

Challenge
Share
Tweet
Embed
Score 0/18 Timer 02:00
5 Plays Today
Hint Answer % Correct
Year Born1935 (January 8)
82.1%
Middle NameAaron / Aron (depending on source)
77.9%
Known as the 'King of ____ ____ ____'Rock 'n' Roll
77.6%
Year Died1977 (August 16)
75.2%
Wife (m. 1967-73)Priscilla Presley
74.8%
City Moved To as Teen (1948)Memphis, Tennessee
74.1%
Estate and Burial PlaceGraceland
72.3%
Daughter (b. 1968)Lisa Marie Presley
70.5%
Politician Met (1970)Richard Nixon
68.7%
Hint Answer % Correct
Year Drafted1958
64.8%
Show On 3 Times (1956-57)Ed Sullivan Show
44.6%
1956 Single and First FilmLove Me Tender
44.1%
First RCA Single and first #1Heartbreak Hotel
40.2%
Army RankSergeant
36.6%
Longtime and Final ManagerTom Parker
32%
January 14, 1973 ConcertAloha from Hawaii
20.4%
First single released on Sun RecordsThat's All Right
17.5%
Last Record released before deathWay Down
10.8%

You're not logged in!

Compare scores with friends on all Sporcle quizzes.
Sign Up with Email
OR
Log In

You Might Also Like...

Show Comments

Extras

Top Quizzes Today


Score Distribution

Your Account Isn't Verified!

In order to create a playlist on Sporcle, you need to verify the email address you used during registration. Go to your Sporcle Settings to finish the process.